=LDR 00000nam 2200000 4500 =001 INLIS000000000059792 =005 20211201111710 =035 ##$$a 0010-1221000019 =007 ta =008 211201###########################0#ind## =020 ##$$a 979-444-329-8 =082 ##$$a 321.8 =084 ##$$a 321.8 Hun g =245 1#$$a Gelombang Demokratisasi Ketiga /$c Huntington Samuel P =300 ##$$a 439 halaman : $b ilustrasi ; $c 20 cm =650 #4$$a Demokrasi =264 ##$$a Jakarta :$b Pustaka Utama Grafitri,$c 1995 =336 ##$$a teks$2 rdacontent =337 ##$$a lain-lain$2 rdamedia =338 ##$$a lain-lain$2 rdacarrier =990 ##$$a 33643364 =990 ##$$a 33643364